| 000 | 00408 a2200133 4500 | ||
|---|---|---|---|
| 003 | Nust | ||
| 005 | 20170207171845.0 | ||
| 040 | _cNust | ||
| 082 | _a799 | ||
| 245 |
_a90-Meet with Brig Abdul Naeem Bhatti Sta Comd Kohat, Photographs-2016 _cMCS |
||
| 260 |
_aRawalpindi _bMCS _c11-05-2016 |
||
| 650 | _a90-Meet with Brig Abdul Naeem Bhatti Sta Comd Kohat, Photographs-2016 DVD No 26 (Vol-VI) | ||
| 651 | _aSweet Memories-MCS | ||
| 942 | _cBK | ||
| 999 |
_c219204 _d219204 |
||